| 000 | 00585cam a2200169 4500 | ||
|---|---|---|---|
| 001 | J107322 | ||
| 008 | 000000n 000 0 eng u | ||
| 035 | _a(Sirsi) u107322 | ||
| 110 |
_aRoyal Institution of Chartered Surveyors _94900 |
||
| 245 | _aCertificate for payment for use with the JCT MW98 | ||
| 300 | _a1 certificate as example 30cm. | ||
| 520 | _aunserialsied. Not available for loan. Pads of certificates are available to buy from RICS books | ||
| 650 |
_aContracts _96232 |
||
| 650 | _aJCT | ||
| 690 | _aMANAGEMENT-BUSINESS MANAGEMENT-PROFESSIONAL PRACTICE | ||
| 942 | _n0 | ||
| 999 |
_c100681 _d100681 |
||